Album Quiz: Sufjan Stevens - Statistics

General Stats
  • This quiz has been taken 130 times
  • The average score is 6 of 8
Answer Stats
Year Album % Correct
2005 Illinois
96%
2015 Carrie and Lowell
93%
2003 Michigan
93%
2004 Seven Swans
84%
2010 The Age of Adz
82%
2020 The Ascension
49%
1999 A Sun Came
42%
2001 Enjoy Your Rabbit
39%
No matching quizzes found
Score Distribution
Percent of People with Each Score
Percentile by Number Answered
Your Score History
You have not taken this quiz